[Event "Caïssa II-Euwe 1/2-71/2"]
[Site "?"]
[Date "2005.11.05"]
[Round "?"]
[White "Witt, Rob"]
[Black "Melford, Pieter"]
[Result "1-0"]
[WhiteElo "2247"]
[BlackElo "2048"]
[Annotator "Witt,Rob"]
[PlyCount "53"]
[EventDate "2005.11.05"]

{In de 3e ronde knsb gaan we op bezoek bij Caïssa II en ik tref een oude
bekende uit het schaakcafé in de jaren 70. Pieter Melford wist me nog precies
te vertellen, wanneer we voor het laatst gespeeld hadden. Dat was in 1985 en
ik won met een stukoffer voor 3 pionnen het eindspel. Dat kon ik me ook nog
herinneren, maar niet de opening. Hij vertelde me dat ik 1.f4 had geopend
omdat ik een hekel had aan zijn Tarrasch Damegambiet. Pieter zei vooraf ook
nog iets wat ik nog niet eerder heb meegemaakt. Hij zei dat hij tijdens de
partij nooit iets te drinken aanbood en ook nooit iets aannam. Hij vindt het
storend als de tegenstander weg is en hij eigenlijk wil gaan zetten. Ik zei
hem dat ik het ook als storend ervaar om elkaar tijdens de partij wat te
drinken aan te bieden.} 1. Nf3 d5 2. d4 Nf6 3. c4 dxc4 {Kennelijk speelt
Pieter geen Tarrasch meer.} 4. e3 c5 5. Bxc4 e6 6. O-O Nc6 ({Veel
gebruikelijker is} 6... a6 {wat ik zelf ook af en toe speel.}) 7. Qe2 {5'} cxd4
{7'} 8. Rd1 Be7 9. exd4 {Een volstrekt natuurlijke zet waar ik niet eens over
nagedacht heb. Khalifman (according to Kramnik deel 4) en Nunn (NCO = Nunn's
Chess Openings) geven ook geen alternatieven. Wit heeft een geïsoleerde pion,
maar krijgt een sterk paard op e5 en gaat op aanval spelen. Een bijkomend
voordeel is hier dat a6 en a4 niet ingelast zijn, zodat wit geen zwakte op b4
heeft. Maar Sakaev (Queen's Gambit Accepted, 2005) geeft de voorkeur aan een
methode die ik nooit eerder gezien heb:} (9. Nc3 O-O 10. Nxd4 {Sakaev: Wit
moet de kans niet voorbij laten gaan om een stel paarden te ruilen. Zwart
houdt alleen maar passieve stukken over en de witte dame staat geweldig op f3.}
Nxd4 11. exd4 {en Sakaev geeft voorbeelden van Gelfand en Topalov waaruit
blijkt dat wit iets beter staat.}) 9... O-O 10. Nc3 {11' De mee st gespeelde
zet en Nunn geeft geen alternatieven. Maar wat zien we bij Khalifman? Hij
noemt de zet niet eens, maar geeft} (10. a3 $1 {Khalifman: een belangrijke zet
die het zwarte paard veld b4 ontneemt. Tegelijkertijd kan de witte loper mooi
terugtrekken naar a2. Die eerste zin suggereert dat zwart Pb4 moet spelen als
wit 10.a3 nalaat. Maar dat is nou juist niet waar. Dat paard moet naar a5! Dat
zetje 10.a3 scoort maar liefst 78% in mijn database en is de reden waarom het
zwarte systeem zonder a6 in onbruik is geraakt.}) 10... Nb4 {8'} ({Beter is} 
10... Na5 11. Bd3 b6 12. Bg5 Bb7 {met onduidelijk spel volgens Nunn.}) 11. Ne5
Bd7 {Hier begint bij het invoeren van de partij plotseling het rode lampje van
Fritz driftig te flikkeren. Zou ik het verkeerd berekend hebben?} ({In een
oude partij van Botwinnik volgde vrijwillig} 11... Nbd5 {Ik laat het vervolg
alleen maar zien omdat er een leerzame wending in voor komt.} 12. Bg5 h6 13.
Bh4 Bd7 14. Nxd5 $1 Nxd5 (14... exd5 15. Bxf6 Bxf6 16. Bxd5 Ba4 17. Bxb7 Bxd1
18. Rxd1 Rb8 19. Nc6 Qd7 20. Nxb8 Qxb7 21. Na6 Rd8 22. Nc5 $16) 15. Bxe7 Qxe7
16. Ng6 $1 fxg6 17. Bxd5 {En wit had een duurzaam voordeeltje in
Botwinnik-Alatortzev, Leningrad 1932 (45.1-0).}) 12. a3 {24'} ({Het rode
lampje flikkerde omdat Fritz zeer opgewonden werd van de mogelijkheid} 12. d5
$6 {Het hoogtepunt is echter van korte duur zoals ik ook al gezien had, zij
het pas na een minuut of 5. Zwart speelt} Nbxd5 13. Nxd5 Nxd5 14. Bxd5 exd5 15.
Rxd5 Bg4 $1 16. Qd3 Qxd5 $1 ({Ik had alleen} 16... Qc8 {gezien, maar dat vond
ik ook al niks voor wit.}) 17. Qxd5 Rad8 18. Qb3 Rd1+ 19. Qxd1 Bxd1 20. Be3 Be2
21. Bxa7 {en de witte pluspion wordt ruimschoots gecompenseerd door het zwarte
loperpaar.}) 12... Nbd5 13. Rd3 {28' Pieter zei na de partij dat hij deze
torenmanoeuvre nog nooit gezien had en Helmer Wieringa vroeg mij tijdens de
partij verbaasd sinds wanneer ik op koningsaanval speel. Toch blijkt de zet
wel bekend. Maar je kunt ook positioneel spelen, bijv.} (13. Bg5 Bc6 14. Nxc6
bxc6 15. Rac1 $14 {Volgens Nunn en gebaseerd op Sokolov-Hübner, Garmisch
Partenkirchen 1994 (40. 1-0)}) 13... Bc6 {18'} ({Hübner speelde hier} 13... Nb6
{tegen Kortschnoj (Brussel 1987) waarna Kortschnoj iets te voortvarend ten
aanval trok met} 14. Bb3 Bc6 15. Rg3 Qxd4 $6 16. Bh6 Ne8 17. Rg4 (17. Rd1 Qc5
18. Bc2 Bh4 19. Qh5 f5 20. Qxh4 Qxe5 21. Bf4 Qc5) (17. Rd1 $1) 17... Qc5 18.
Nxf7 $2 Rxf7 19. Qxe6 $2 Qxf2+ 20. Kh1 Bd7 21. Qxe7 Bxg4 22. Ne4 Qf5 23. Ng5
Nd5 $4 (23... Bh5 $1 {weerlegt alles.}) 24. Qxf7+ Qxf7 25. Nxf7 Kxf7 26. Bxd5+
Be6 27. Rf1+ Nf6 28. Bxe6+ Kxe6 29. Bxg7 $16 {Hoewel Kortschnoj later zelfs
nog verloor. Ik neem aan dat dit een vluggertje of een rapidpartij was.}) 14.
Rh3 {44' Ik kon s een kwartiertje piekeren niet goed beoordelen welke torenzet
het beste was. Gespeeld is ook} (14. Rg3 Re8 ({Waarom niet gewoon} 14... Kh8)
15. Bh6 Bf8 16. Rd1 Rc8 17. Bg5 Be7 18. Bh6 Bf8 19. Bg5 Be7 20. Bd3 a6 $2 21.
Nxd5 $1 Qxd5 22. Bxf6 Bxf6 23. Bxh7+ Kf8 {en wit staat op winst al werd het
later remise in Fominyh-Dragomarezkij, Alushta 1993.}) 14... Nxc3 $6 {27' De
zet die ik verwacht had, maar hij is minder goed.} ({Ik had ook nog gekeken
naar} 14... Nb6 15. Bd3 $16 Qxd4 $2 16. Bxh7+ Nxh7 17. Qh5 Be4 18. Be3 {
met winst.}) ({Het beste leek me} 14... Rc8 15. Bd3 {en wit heeft
aanvalskansen maar duidelijk is het niet.} ({Fritz geeft de voorkeur aan} 15.
Nxc6 Rxc6 16. Nxd5 (16. Bg5) 16... Nxd5 17. Qd3 f5 {wat evenmin duidelijk is.})
) 15. bxc3 Be4 16. Re3 {55' Ik was tijdens en ook na de partij best trots op
deze vondst. Als de loper naar c6 terugtrekt kan mijn loper weer naar d3 en
als hij naar g6 gaat komt die in moeilijkheden. Ook Fritz zet de zet in het
begin bovenaan het rijtje. Maar even later zakt mijn zet naar plaats twee ten
gunste van een zet die ik als eerste bekeek maar toch minder vond dan Te3.} (
16. Bd3 $1 {Ik liet Ld3 na wegens} Bg6 {en ik zag g een duidelijke
voortzetting. Fritz vindt de alternatieven minder slecht, maar dan zie ik wel
wat ik ongeveer moet doen. Bijv. De stelling na Lg6 blijf ik lastig vinden.
Fritz geeft ca. + 1.50 na Tb1 en Lxg6 in willekeurige volgorde, maar ik zie
niks concreets. Dit lijkt me typisch iets voor onze aanvalsspeler pur sang de
Flesman of een warrige, creatieve en soms briljante geest als Nirav. Na een
tijdje analyseren begin ik toch wel aan te voelen dat wit heel goed staat,
alleen kan ik geen vaste struktuur in het witte spel ontdekken.} (16... Qd5 {
Ja, dan kan ik het ook.} 17. Bg5 Bxd3 18. Qxd3 h6 19. c4 Qd6 (19... Qa5 20.
Bxh6 $1 {Dit volgt op elke damezet.} gxh6 21. Qe3 $18) 20. Bxh6 $18) (16...
Bxd3 17. Qxd3 Rc8 18. Bg5 g6 19. Qe3 h5 20. Bh6 Ng4 (20... Re8 21. Qf4) 21.
Nxg4 hxg4 22. Rg3 Re8 23. Rxg4 $16) 17. Rb1 Qc7 (17... b6 18. Bxg6 {Fritz zet
afwisselend Lxg6 of Pxg6 bovenaan het rijtje. Maar als je toch Pxg6 van plan
bent, waarom moet de witte loper dan naar d3 en niet naara2?} hxg6 19. Nc6 {
Dit is het nadeel van b6.} Qc7 20. Nxe7+ Qxe7 21. Bg5 Rac8 22. Qe5 $18) 18.
Bxg6 hxg6 19. Bf4 Qc8 20. Bg5 Qc7 21. Qf3 Nd5 22. Bxe7 Qxe7 23. c4 Nb6 24. Re1
{gevolgd door Te4 en Th4.}) ({Er is trouwens een partij met de stelling na 15..
..Le4. Daar volgde} 16. g4 {een zet die ik niet overwogen heb, maar hij is
zeker de moeite waard.} Rc8 $6 {lijkt me niet zo'n beste} ({Slecht is ook} 
16... h6 {Hoewel Fritz eerst enthousiast is volgt sterk} 17. g5 $1 hxg5 18. Bd3
$1 {een mooi concept.} (18. Bxg5 Bf5) 18... Bxd3 19. Qxd3 g4 20. Nxg4 g6 21.
Ne5 Nh5 22. Nxg6 fxg6 23. Qxg6+ Ng7 24. Qh7+ Kf7 25. Bh6 Rg8 26. Rf3+ Bf6 27.
Bg5 Rh8 28. Bxf6 Rxh7 29. Bxd8+ Nf5 30. Bc7 $18) (16... Bd6 {waarschijnlijk de
beste.} 17. Bg5 (17. g5 Bf5) 17... Bg6 18. Bxf6 Qxf6 ({Verliezend is} 18...
gxf6 19. Nxg6 hxg6 20. Qe3 g5 21. Qe4 Re8 22. Qh7+ Kf8 23. d5 $18) 19. Nd7 Qg5
20. Nxf8 Rxf8 21. Bd3 $1 $14) 17. g5 Bf5 18. gxf6 Bxh3 19. fxe7 $16 Qxe7 20.
Qf3 Qh4 21. Be2 {Antoshin-Novopashin, Vilnius 1960 (39.1-0)}) 16... Bg6 {34'} (
16... Bc6 17. Bd3 {was mijn bedoeling van Te3.}) 17. h4 {1.10' Ik had
inmiddels voor mijn doen flink wat tijd verbruikt, maar Pieter ging dat nu
flink inlopen. Over zijn volgende zet dacht hij maar liefst 52' na. Meestal
komt dan niet de beste zet. Zo ook hier. Fritz vindt mijn zetoverigens niet
geweldig en geeft de voorkeur aan} (17. Nxg6 $16 hxg6 18. Rh3 Rc8 19. Bb3 Qd6
20. Bg5 Rfe8 21. Re1 Nh5 22. Bc1 {Het is ongetwijfeld beter voor wit.}) 17...
Nd5 $2 {1.26' Mijn hoofdvariant die ik voor de verandering eens correct
berekend en beoordeeld had. Er waren m.i. twee betere voortzettingen.} (17...
Rc8 {Ik had deze zet wel gezien maar het idee erachter gemist. Waarschijnlijk
Pieter ook. De stelling is razend ingewikkeld.} 18. g4 Nd7 $1 {Dat is het Als
Pe5 weg is, dan heeft de zwarte loper een vluchtveld op c2 omdat De2 ook Lc4
moet dekken.} 19. Nxd7 Qxd7 20. h5 Bc2 {De loer is ontsnapt maar desondanks
blijft wit kansen houden.} 21. h6 {of eerst La2?} g6 22. d5 {Dit lijkt me de
beste en de lastigste voor zwart.} ({Riskant is} 22. Rxe6 Rfe8 23. Re3 Rxc4 $1
24. Qxc4 Qxg4+ 25. Rg3 Qh5 {en wit heeft niet beter dan} 26. Re3 Qg4+ {met
herhaling van zetten.}) ({Wel mogelijk is} 22. Bxe6 fxe6 23. Qxc2 Bh4 24. f3
Qd6 25. Qh2 Bg3 26. Qe2 Rc6 27. a4 {en zwart heeft compensatie voor zijn pion.}
) 22... Qc7 23. Ba2 Ba4 24. dxe6 f6 25. Bd5 b5 (25... Rfd8 26. c4 b5 27. Re4
$14) 26. Rd3 Rfd8 27. Be3 {en wit staat beter, al is de stelling erg
ingewikkeld.}) (17... Bd6 {Dit is de zet die ik pas zag nadat ik al h4
gespeeld had en die me zorgen baarde.} 18. g4 Nd5 19. Rh3 Bxe5 20. dxe5 f5 (
20... h6 21. h5 Bh7 22. g5 hxg5 23. h6 {zag ik wel zitten, hoewel het bij
nader inzien ook niet duidelijk is na} Bf5 {Maar wit staat wel beter na} 24.
hxg7 Bxh3 25. gxf8=Q+ Qxf8 26. Bxd5 exd5 27. Bxg5 Qg7 28. f4 Rc8 29. Qf3 Be6
30. Rb1 b6 31. Rb2) 21. exf6 Qxf6 {Tot zover ha d ik het gezien en ik was er
nog niet uit hoe ik de stelling moest beoordelen. Het beste is waarschijnlijk}
22. Bg5 Nf4 23. Bxf4 (23. Bxf6 Nxe2+ 24. Bxe2 Rxf6 25. Re3 $11) 23... Qxf4 24.
Bxe6+ Kh8 25. h5 {en wit staat iets beter.}) ({Ik had nog wel gekeken naar} 
17... Nh5 {waarop ik} 18. Rh3 $5 {van plan was.} ({Fritz geeft de voorkeur aan
} 18. Qb2 $5 {Daar zou ik nou nooit opkomen, al keek ik een uur naar de
stelling.}) 18... Rc8 (18... Bxh4 $2 19. g4) 19. g4 $16) 18. Bxd5 $1 {Pieter
moet dit overzien hebben of verkeerd beoordeeld.} Qxd5 19. h5 Bf5 20. g4 {
1.12' over 48'.} f6 {1.28' over 32'.} ({Kansloos is ook} 20... Bg5 21. gxf5
Bxe3 22. Bxe3 exf5 23. h6 $18) 21. gxf5 fxe5 22. Rxe5 {Wit staat gewonnen.} Qb3
{19'} 23. Bd2 {37'} Bd6 {8'} 24. Rb5 $1 {32'} Qa4 {4'} 25. Qxe6+ {28'} Kh8 26.
Rxb7 {27'} Rad8 {1'} 27. Bg5 {24'} 1-0

[Event "Euwe Intern 05/06"]
[Site "Amsterdam"]
[Date "2005.11.24"]
[Round "2.1"]
[White "Moll, Arne"]
[Black "Witt, Rob"]
[Result "1/2-1/2"]
[WhiteElo "2272"]
[BlackElo "2247"]
[Annotator "Witt,Rob"]
[PlyCount "78"]
[EventDate "2005.??.??"]

1. e4 c5 2. Nf3 e6 3. d4 cxd4 4. Nxd4 Nc6 5. Nc3 Qc7 6. g3 a6 7. Bg2 Nf6 8. O-O
d6 {Deze stelling hadden we afgesproken. Dit ter voorbereiding van de
knsb-wedstrijd tegen Soest waar Arne hoogst waarschijnlijk tegen Eric de Haan
zou spelen die altijd deze opstelling speelt met zwart.} 9. Be3 Ne5 {
Ongebruike lijk. Ik had echter alleen tijd gehad om 9.Te1 voor te bereiden en
de tekstzet leek me niet zo slecht.} (9... Be7) 10. f4 Nc4 {Arne had zijn
vorige zet snel en krachtig uitgevoerd, zodat ik maar afzag van} (10... Neg4 $5
{Misschien is dat toch wel een goeie zet. Als wit zijn loper niet kwijt wil
zal hij moeten vervolgen met} 11. Bc1 {Interessant is dan} e5 12. Nf5 h5 ({
of eerst} 12... Bxf5 13. exf5 h5) 13. Ne3 h4 {In beide gevallen ziek ik niet
direkt waarom wit beter zou staan.}) 11. Bc1 Rb8 $6 ({Beter is het natuurlijke
} 11... Be7) 12. a4 {5'} e5 $2 {19'} ({De normale zet} 12... Be7 {vertrouwde
ik niet wegens} 13. e5 ({Beter iets als} 13. b3 Na5 14. Qd3) 13... dxe5 14.
fxe5 Nxe5 15. Bf4 {maar het lijkt OK voor zwart. Bijv.} O-O 16. Qe2 Bd6 17.
Rad1 Nc4 {en ik zie niet hoe wit verder moet.} 18. Bxd6 Nxd6 19. Qe5 Rd8 20.
Rxf6 gxf6 21. Qxf6 Ne8 22. Qh4 (22. Qg5+ Kh8 23. Qh6 Qe7 $17) 22... f6 $17) 13.
fxe5 $5 {10'} (13. Nf3 $14) 13... dxe5 14. Nf5 {Dit speelde Arne snel.} ({
Interessant en waarschijnlijk goed maar moeilijk te doorgronden was} 14. Rxf6
$5 gxf6 (14... Qc5 15. Nd5) 15. Nd5 Qc5 (15... Qd6 16. Qf1 $1) 16. Nxf6+ ({
Ook goed lijkt} 16. c3 Be7 (16... Be6 17. Nxf6+ Ke7 18. Nd5+ Bxd5 19. b4 Qa7
20. exd5 Bg7 21. Qe2 $16) 17. b3 $1 exd4 (17... Nb6 $2 18. Ba3 $1) 18. bxc4 (
18. cxd4 Bg4) 18... dxc3+ 19. Kh1 b5 20. cxb5 axb5 21. axb5 {en zwart heeft
het moeilijk.}) 16... Kd8 17. c3 $1 exd4 18. cxd4 $14) 14... Bxf5 $1 {29'} (
14... Nxb2 15. Bxb2 Qb6+ 16. Kh1 Qxb2 17. Nd6+ Bxd6 (17... Ke7 $2 18. Qd2 $18)
18. Qxd6 Qxc3 19. Rad1 $1 Qa5 20. Rf5 Nd7 21. Bh3 f6 22. Rg5 Rg8 23. Bxd7+ Bxd7
24. Qxd7+ Kf8 25. Rf5 Re8 {only move} 26. Qxb7 $18) 15. Rxf5 Be7 $6 {34'} (
15... Bb4 $5 {was mijn eerste gedachte en kwam achteraf meer in aanmerking.
Bijv.} 16. Qf3 Qb6+ ({Ook mogelijk lijkt} 16... O-O 17. Rxf6 (17. Bg5 Bxc3 18.
Qxc3 Qb6+ 19. Kh1 Qxb2 20. Qxb2 Nxb2 21. Rxe5 Ng4 {misschien iets beter voor
wit wegens het loperpaar, maar zwart krijgt op e5 een mooi veld voor een paard.
}) 17... Bxc3 18. bxc3 gxf6 19. Bh6 Qb6+ 20. Kh1 Kh8 21. Bxf8 Rxf8 22. Bh3 {
met onduidelijk spel.}) 17. Kh1 O-O 18. Bg5 (18. Nd5) 18... Bxc3 19. Qxc3 Qxb2
20. Qxb2 Nxb2 21. Rxe5 Ng4) 16. Kh1 {23'} O-O $6 {42' Dat is spelen met vuur.
Ik had echter evenals Arne een krachtige voortzetting op zet 19 gemist.} (16...
Rc8 17. Qf3 O-O 18. Bg5) 17. Bg5 $1 {26'} Nxb2 {47' Riskant maar de
consequentie van mijn laatste twee zetten.} 18. Qf3 Qd6 $2 {A tempo gespeeld
omdat ie gepland was en ik alleen met Arne's volgende zet rekening had
gehouden.} ({Noodzakelijk was} 18... Rbd8 19. Bxf6 Bxf6 20. Nd5 ({Kansrijk is
ook} 20. Rxf6 $5 gxf6 21. Nd5 Rxd5 22. Qg4+ Kh8 23. exd5 Qxc2 24. Qh4 f5 (24...
Qg6 $2 25. Qb4 $18) 25. Qf6+ Kg8 26. Qg5+ Kh8 27. Qe7 $14) 20... Rxd5 {only
move} 21. exd5 Qxc2 22. Rf1 b5 23. axb5 axb5 24. Qg4 (24. g4 $5) 24... Qc8 {
en zwart heeft compensatie al staat wit beter.}) 19. Rf1 $2 {28' Ook snel
gespeeld. We missen hier echter allebei het sterke} (19. Bxf6 $1 Bxf6 20. Nd5
Rfc8 ({het geplande} 20... Bd8 {faalt op} 21. Qb3 {met stukwinst.}) 21. Rxf6
gxf6 22. Nxf6+ Kf8 23. Rf1 {en zwart heeft geen zet meer.}) 19... Nc4 $2 {
1.02' Na lang nadenken besluit ik mijn paard in veiligheid te brengen, maar
dit blijkt vrijwel verliezend. Fritz komt hier met een bijzonder listige
verdediging} (19... Qa3 $1 {De zet lijkt simpel remise te maken. Bijv.} 20.
Bxf6 Bxf6 21. Rxf6 {wat anders?} gxf6 22. Qg4+ Kh8 23. Qh4 ({Een dappere
witspeler kan nog een riskante winstpoging doen met} 23. Nd5 {Een aardige
variant is dan} Rg8 24. Qh4 Nc4 25. Bh3 $1 {andere zetten zijn goed voor zwart.
} Rg7 26. Bf5 Rd8 {Misschien heeft zwart hier wat beters.} 27. Bxh7 Rxd5 28.
exd5 Rxh7 29. Qxc4 Qxg3 30. Qe2 {en laten we het maar op onduidelijk houden.})
23... Qxc3 24. Qxf6+ Kg8 25. Rf5 Qe1+ 26. Bf1 Qxe4+ 27. Bg2 Qe1+ 28. Bf1 h6 29.
Rg5+ hxg5 30. Qxg5+ {met eeuwig schaak.}) 20. Bxf6 {nog 55' over.} Bxf6 {
nog 28' over.} 21. Nd5 Be7 22. Rxf7 {50'} Bf6 {23'} 23. Rxf8+ $1 {45'} (23.
Nxf6+ Kxf7 $2 {Zou ik gespeeld hebben en had Arne ook verwacht. We dachten
geen van beiden dat het eindspel iets was voor wit. Wit heeft echter veel
beter dan een eindspel.} ({Fritz geeft de voorkeur aan} 23... gxf6 24. Qxf6
Qxf6 25. R7xf6 Rxf6 26. Rxf6 Rd8 {met een plusje voor wit.}) 24. Qh5+ $1 {
Gemist.} ({Wij hadden alleen gekeken naar} 24. Nxh7+ Kg8 25. Nxf8 Rxf8 26.
Qxf8+ (26. Qb3 Qd4 {Hier hielden we op maar wit staat beter na} 27. Qxb7 Rxf1+
28. Bxf1 Ne3 29. Qa8+ Kh7 30. Qxa6 Qxe4+ 31. Kg1 Nxf1 32. Qxf1 $14) 26... Qxf8
27. Rxf8+ Kxf8 28. Bf1 Ne3 29. Bd3 a5 {en waarschijnlijk is het remise.}) 24...
Ke7 25. Qxh7 {en met een pion meer en aanval moet wit gewonnen staan.}) 23...
Rxf8 24. Qd3 $2 {33' Na lang nadenken ziet Arne ten onrechte af van het
geplande} (24. Qb3 $1 {wegens} Nd2 {zou ik ook gespeeld hebben.} ({Relatief
het beste is} 24... Qc5 25. Qxb7 a5 26. c3 {met goede winstkansen voor wit.})
25. Nxf6+ Kh8 {Maar dit hebben we tijdens de partij en ook in de analyse na
afloop met o.a. Nirav volkomen verkeerd beoordeeld. Wit staat gewoon goed tot
gewonnenna} 26. Rd1 gxf6 27. Qxb7 a5 {Dit vindt Fritz relatief nog het beste.}
(27... Rd8 $2 28. Qf7 $1 $18) (27... Rb8 28. Qf7 Rb1 29. Rxb1 Nxb1 30. h4 $18)
28. Bf1 {en de zwarte stelling lijkt me hopeloos.}) 24... Qc5 {20'} (24... b5
$11) 25. Bh3 Nd6 $1 {17'} 26. Be6+ Kh8 27. a5 $6 {23' Een geniale valstrik
maar niet de beste.} (27. c3 {leek me tijdens de partij de beste.}) ({Maar} 27.
g4 {komt ook in aanmerking.}) 27... h6 {8'} ({Zwart lijkt remise te kunnen
maken met} 27... Qxa5 {maar er volgt} 28. Nxf6 Rxf6 29. Qxd6 $3 (29. Rxf6 gxf6
30. Qxd6 Qe1+ {is remise.}) 29... Rxf1+ 30. Kg2 Rg1+ 31. Kh3 {met winst.}) (
27... Qc4 28. Qxc4 (28. Nxf6 Qxe6 $11) 28... Nxc4 29. Nxf6 Nxa5 $11) 28. Nxf6 {
21'} Rxf6 29. Rxf6 gxf6 30. Qd2 ({Iets beter maar ook remise is} 30. Qf3 Qxa5 (
30... Kg7 $2 31. Qg4+ Kf8 32. Bd5 $16) 31. Qxf6+ Kh7 $11) 30... Kg7 31. Qe2 {
19'} Qxa5 {6'} 32. Qg4+ Kf8 33. Bd5 {11'} Qe1+ {5'} 34. Kg2 Qd2+ 35. Kh3 Qg5
36. Qe6 Qh5+ 37. Kg2 Qe2+ 38. Kh3 Qh5+ 39. Kg2 Qe2+ {Na de analyse na afloop
constateerde Arne dat we een correcte partij gespeeld hadden. Ik antwoordde
volgens de etiquette dat dat nog moest blijken met Fritz erbij. Ik had echter
niet gedacht dat we zoveel dingen gemist hadden of verkeerd beoordeeld.}
1/2-1/2